Micro economics / (Record no. 139715)

MARC details
000 -LEADER
fixed length control field 00570nam a22002057a 4500
005 - DATE AND TIME OF LATEST TRANSACTION
control field 20170511143749.0
010 ## - LCCN (DPL NO)
LC control number A-791041
020 ## - INTERNATIONAL STANDARD BOOK NUMBER
International Standard Book Number 817014017x
Terms of availability 75.00
035 ## - SYSTEM CONTROL NUMBER
System control number A-791041
037 ## - SOURCE OF ACQUISITION
Source of stock number/acquisition Dpl/CL
082 ## - DEWEY DECIMAL CLASSIFICATION NUMBER
Classification number 338.5
100 ## - MAIN ENTRY--PERSONAL NAME
Personal name Sundharam,K.P.M.
245 ## - TITLE STATEMENT
Title Micro economics /
Statement of responsibility, etc by K.P.M. Sundharam [and] E.N. Sundharam
250 ## - EDITION STATEMENT
Edition statement 9th rev. ed
260 ## - PUBLICATION, DISTRIBUTION, ETC. (IMPRINT)
Place of publication, distribution, etc New Delhi
Name of publisher, distributor, etc Sultan Chand
Date of publication, distribution, etc 1996
270 ## - ADDRESS
Address 23, Darya Ganj
City New Delhi
Postal code 110002
300 ## - PHYSICAL DESCRIPTION
Extent v,552p.
Dimensions 22cm(Hb)
700 ## - ADDED ENTRY--PERSONAL NAME
Personal name Sundharam,E.N.
942 ## - ADDED ENTRY ELEMENTS (KOHA)
Source of classification or shelving scheme Dewey Decimal Classification
Item type English Books
Classification part 338.5
Call number suffix SUN
Holdings
Withdrawn status Lost status Not for loan Collection code Home library Current library Date acquired Cost, normal purchase price Full call number Barcode Copy number Cost, replacement price Koha item type
      Non-fiction Central Library Central Library 11/05/2017 75.00 338.5 SUN A-791041 1 75.00 English Books

© Delhi Public Library
Hit Counter
free hit counter